Online
Catalog

Xylon : (Record no. 28783)

MARC details
000 -CABECERA
campo de control de longitud fija 01415nam a2200325 a 4500
001 - NÚMERO DE CONTROL
campo de control 000029291
003 - IDENTIFICADOR DEL NÚMERO DE CONTROL
campo de control DO-SdBNP
005 - FECHA Y HORA DE LA ÚLTIMA TRANSACCIÓN
campo de control 20230313143917.0
007 - CAMPO FIJO DE DESCRIPCIÓN FÍSICA--INFORMACIÓN GENERAL
campo de control de longitud fija ta
008 - DATOS DE LONGITUD FIJA--INFORMACIÓN GENERAL
campo de control de longitud fija 110414t2010 dr a frcn 000 0dspa d
020 ## - NÚMERO INTERNACIONAL ESTÁNDAR DEL LIBRO
Número Internacional Estándar del Libro 9789945002621
040 ## - FUENTE DE LA CATALOGACIÓN
Centro catalogador/agencia de origen DO-SdBNP
Lengua de catalogación spa
Centro/agencia transcriptor BNPHU
082 #4 - NÚMERO DE LA CLASIFICACIÓN DECIMAL DEWEY
Número de clasificación R 575.460216
Número de documento/Ítem P144x
Número de edición 22
100 1# - ENTRADA PRINCIPAL--NOMBRE DE PERSONA
Nombre de persona Paíno Perdomo, Omar,
Numeración 1972-
9 (RLIN) 34212
245 10 - MENCIÓN DE TÍTULO
Título Xylon :
Resto del título catálogo sobre las colecciones de maderas de La Española = Catalogue of wood collections in La Española /
Mención de responsabilidad, etc. Omar Paíno Perdomo ; prefacio y traducción, Linda M. Rodríguez Guglielmoni.
246 11 - FORMA VARIANTE DE TÍTULO
Título propio/Titulo breve Xylon :
Resto del título catálogo sobre las colecciones de maderas de La Española
260 ## - PUBLICACIÓN, DISTRIBUCIÓN, ETC.
Lugar de publicación, distribución, etc. Santo Domingo :
Nombre del editor, distribuidor, etc. L. Debus & Söhne,
Fecha de publicación, distribución, etc. 2010.
300 ## - DESCRIPCIÓN FÍSICA
Extensión 134 p. :
Otras características físicas ilustraciones ;
Dimensiones 24 cm.
500 ## - NOTA GENERAL
Nota general Incluye datos biográficos del autor en las solapas de las cubiertas.
504 ## - NOTA DE BIBLIOGRAFÍA, ETC.
Nota de bibliografía, etc. Bibliografía : p. 133-134.
546 ## - NOTA DE LENGUA/LENGUAJE
Nota de lengua/lenguaje Texto en español e inglés
590 ## - NOTA LOCAL (RLIN)
Nota local Inventariado 2023 / MF
650 #4 - PUNTO DE ACCESO ADICIONAL DE MATERIA--TÉRMINO DE MATERIA
Término de materia o nombre geográfico como elemento de entrada Madera
Subdivisión geográfica La Española (Isla{Rpara}
Subdivisión general Catálogos
9 (RLIN) 56176
650 #4 - PUNTO DE ACCESO ADICIONAL DE MATERIA--TÉRMINO DE MATERIA
Término de materia o nombre geográfico como elemento de entrada Árboles maderables
Subdivisión geográfica La Española (Isla{Rpara}
Subdivisión general Catálogos
9 (RLIN) 56177
650 #4 - PUNTO DE ACCESO ADICIONAL DE MATERIA--TÉRMINO DE MATERIA
Término de materia o nombre geográfico como elemento de entrada Madera
Subdivisión geográfica República Dominicana
Subdivisión general Catálogos
9 (RLIN) 56178
650 #4 - PUNTO DE ACCESO ADICIONAL DE MATERIA--TÉRMINO DE MATERIA
Término de materia o nombre geográfico como elemento de entrada Árboles maderables
Subdivisión geográfica República Dominicana
Subdivisión general Catálogos
9 (RLIN) 56179
700 1# - PUNTO DE ACCESO ADICIONAL--NOMBRE DE PERSONA
Nombre de persona Rodríguez Guglielmoni, Linda M.,
Término indicativo de función/relación traducción
9 (RLIN) 25666
910 ## - DATOS DE OPCIÓN DEL USUARIO (OCLC)
Datos de opción del usuario Validado. Control de calidad EMS
942 ## - ELEMENTOS DE PUNTO DE ACCESO ADICIONAL (KOHA)
Fuente del sistema de clasificación o colocación Dewey Decimal Classification
Tipo de ítem Koha Libro
Holdings
Estado de retiro Estado de pérdida Fuente del sistema de clasificación o colocación Restricciones de uso No para préstamo Código de colección Localización permanente Ubicación/localización actual Ubicación en estantería Fecha de adquisición Fuente de adquisición Signatura topográfica completa Código de barras Fecha visto por última vez Número de copia Precio válido a partir de Tipo de ítem Koha Nota pública
    Dewey Decimal Classification Préstamo en sala   Dominicana de Servicio Biblioteca Nacional Pedro Henríquez Ureña Biblioteca Nacional Pedro Henríquez Ureña Depósito 14.04.2011 Donación BNPHU R DS 575.460216 P144x 29291-30 25.06.2020 e. 3 25.06.2020 Libro Dedicado a la BNPHU por el autor
    Dewey Decimal Classification Préstamo en sala   Patrimonio Dominicano Biblioteca Nacional Pedro Henríquez Ureña Biblioteca Nacional Pedro Henríquez Ureña Depósito 14.04.2011 Donación BNPHU R PD 575.460216 P144x 29291-10 25.06.2020   25.06.2020 Libro Dedicado a la BNPHU por el autor
    Dewey Decimal Classification Excluido de préstamo   Patrimonio Dominicano Biblioteca Nacional Pedro Henríquez Ureña Biblioteca Nacional Pedro Henríquez Ureña Depósito 14.04.2011 Donación BNPHU R PD 575.460216 P144x 29291-20 25.06.2020 e. 2 25.06.2020 Libro Dedicado a la BNPHU por el autor
    Dewey Decimal Classification Préstamo en sala   Dominicana de Servicio Biblioteca Nacional Pedro Henríquez Ureña Biblioteca Nacional Pedro Henríquez Ureña Depósito 27.05.2021 Donación BNPHU R-DS 575.460216 P144x 2023-0351 23.01.2023 e.4 23.01.2023 Libro  

Powered by Koha